[Event "NA Class B Server Championship, S40119"]
[Site "CCLA"]
[Date "2014.04.30"]
[Round "?"]
[White "Disque, Philip"]
[Black "McLaughlin, Ed"]
[Result "1-0"]
[WhiteElo "1669"]
[BlackElo "1561"]

1. e4 c5 2. Nc3 a6 3. f4 b5 4. Nf3 Bb7 5. d3 d6 6. g4 e6 7. Bg2 Be7 8. Be3
b4 9. Ne2 Nf6 10. h3 Nc6 11. Ng3 a5 12. O-O d5 13. e5 Nd7 14. d4 Ba6 15. 
Re1 Qc7 16. Ne2 Rc8 17. Rc1 Bc4 18. b3 Ba6 19. g5 c4 20. h4 g6 21. Bh3 h6 
22. Kg2 c3 23. Rh1 h5 24. Ng3 Nb6 25. Qg1 a4 26. Qf2 Ra8 27. Ra1 Bb5 28. 
Rhe1 Qa7 29. Qg1 Qa6 30. Kh1 Ra7 31. f5 gxf5 32. Nxf5 exf5 33. Bxf5 Be2 
34. Qf2 Bxf3+ 35. Qxf3 Nd8 36. Rf1 a3 37. g6 Bf8 38. Bg5 fxg6 39. Bxg6+ 
Kd7 40. Qf6 Bh6 41. Bf5+ Kc7 42. Qd6+ Kb7 43. Bxd8 Na8 44. Qxb4+ Nb6 45. 
Bd3 Qa5 46. Rf7+ Kc6 47. Qd6# 1-0

[Event "2014 Server Championship, S40029"]
[Site "CCLA"]
[Date "2014.01.27"]
[Round "?"]
[White "Cross, Gregory W."]
[Black "Edwards, K. E. D. G."]
[Result "0-1"]
[WhiteElo "2172"]
[BlackElo "2319"]

1. e4 c5 2. Nc3 a6 3. f4 b5 4. Nf3 Bb7 5. d3 e6 6. g3 d5 7. Bg2 d4 8. Ne2 
Nf6 9. e5 Nd5 10. c4 dxc3 11. Nxc3 Nb4 12. Ke2 Be7 13. Be3 O-O 14. a3 Nd5 
15. Nxd5 Bxd5 16. Rc1 Nd7 17. Kf2 Nb6 18. Qe2 Na4 19. Rhd1 h6 20. Kg1 Qd7 
21. Ne1 Rfd8 22. Bxd5 Qxd5 23. Rd2 Rac8 24. Qd1 a5 25. Nf3 Rc7 26. Kg2 
Rdc8 27. Rdc2 Rb7 28. Rd2 Rd7 29. Qc2 Rb7 30. Qd1 Ra7 31. Re2 Rd7 32. Rd2 
Rb7 33. h3 Rbc7 34. Bf2 Rd8 35. Qc2 Qa8 36. Rdd1 Rb8 37. Rd2 Rbc8 38. Qd1 
c4 39. dxc4 Nxb2 40. Rxb2 Bxa3 41. Rxb5 Bxc1 42. Qe1 Rxc4 43. Rxa5 Qb7 44.
 Ra7 Qc6 45. Ra2 Rc3 46. Qd1 Qe4 47. Ra4 R8c4 48. Rxc4 Qxc4 49. Kg1 Qe4 
50. Ne1 Be3 51. h4 Ra3 52. Bxe3 Qxe3+ 0-1

[Event "Regular Quad, S40329"]
[Site "CCLA"]
[Date "2014.09.26"]
[Round "?"]
[White "Sullivan, Terry"]
[Black "McLaughlin, Ed"]
[Result "0-1"]
[WhiteElo "1113"]
[BlackElo "1561"]

1. e4 c5 2. Nc3 a6 3. a4 Qa5 4. Nf3 b5 5. axb5 Qxa1 6. h4 Qa5 7. Bc4 axb5 
8. O-O bxc4 9. d3 cxd3 10. cxd3 e6 11. h5 g6 12. Bf4 Nf6 13. h6 Ng4 14. b3
Qxc3 15. e5 Bxh6 16. Bxh6 Nxh6 17. b4 cxb4 18. d4 Ba6 19. d5 Bxf1 20. Qxf1
Ra1 21. g3 Rxf1+ 22. Kh2 Qxf3 23. Kh3 Rh1# 0-1

[Event "Winter Server Series, S40011"]
[Site "CCLA"]
[Date "2014.01.27"]
[Round "?"]
[White "Bapple, Edward C."]
[Black "Galvin, John H."]
[Result "0-1"]
[WhiteElo "1979"]
[BlackElo "2191"]

1. e4 c5 2. Nc3 a6 3. f4 e6 4. Nf3 d5 5. exd5 exd5 6. d4 Nf6 7. Be2 cxd4 
8. Nxd4 Bb4 9. O-O O-O 10. Bf3 Re8 11. Re1 Nc6 12. Rxe8+ Qxe8 13. h3 Bc5 
14. Ne2 Bf5 15. c3 Be4 16. Kh2 Rd8 17. Bd2 Qd7 18. Qf1 Nxd4 19. Nxd4 Bxd4 
20. cxd4 Bxf3 21. Qxf3 Ne4 22. Bc3 Rc8 23. Re1 f5 24. a3 Rc4 25. Re3 g6 
26. b3 Rc6 27. Bb4 Qg7 28. Rd3 Qc7 29. Re3 Rc2 30. Be1 Ra2 31. b4 Ra1 32. 
Bh4 Qc4 33. Qe2 Qxd4 34. Qd3 Qc4 0-1

[Event " NA Class A Server Championship, S40109"]
[Site "CCLA"]
[Date "2014.04.30"]
[Round "?"]
[White "Anderson, Clarence"]
[Black "Calkins, Donn"]
[Result "0-1"]
[WhiteElo "1798"]
[BlackElo "1938"]

1. e4 c5 2. Nc3 e5 3. Bc4 d6 4. d3 Nf6 5. f4 Be7 6. Nf3 Nc6 7. f5 Bd7 8. 
a3 O-O 9. Bg5 Nd4 10. Nxd4 exd4 11. Bxf6 Bxf6 12. Nd5 b5 13. Nxf6+ Qxf6 
14. Bd5 Rac8 15. O-O Rfe8 16. Qh5 Bc6 17. Bxc6 Rxc6 18. g4 h6 19. h4 d5 
20. exd5 Qd6 21. Rf3 Re2 22. Rh3 Qxd5 0-1

[Event "2014 Server Championship, S40029"]
[Site "CCLA"]
[Date "2014.01.27"]
[Round "?"]
[White "Cross, Gregory W."]
[Black "Anderson, Aaron J."]
[Result "1/2-1/2"]
[WhiteElo "2172"]
[BlackElo "2308"]

1. e4 c5 2. Nc3 a6 3. f4 b5 4. Nf3 Bb7 5. Be2 e6 6. d3 d6 7. O-O Nc6 8. 
Qe1 Nf6 9. Qg3 Nd4 10. Nxd4 cxd4 11. Nd1 g6 12. c3 dxc3 13. bxc3 Bg7 14. 
a4 O-O 15. Ba3 Qb6+ 16. Qf2 Qxf2+ 17. Nxf2 Rfd8 18. axb5 axb5 19. Bb4 Bf8 
1/2-1/2

[Event " Herbert W. Gustafson Memorial, S47169"]
[Site "CCLA"]
[Date "2014.10.27"]
[Round "?"]
[White "Gunning, Edward E."]
[Black "Acosta, Errol"]
[Result "0-1"]
[WhiteElo "1350"]
[BlackElo "1365"]

1. e4 c5 2. Nc3 d6 3. Bc4 Nf6 4. f3 g6 5. d3 Bg7 6. Nge2 O-O 7. O-O Nc6 8.
 Be3 Ne5 9. Nd5 e6 10. Bg5 Nxc4 11. dxc4 exd5 12. cxd5 Qb6 13. b3 Nxe4 14.
 fxe4 c4+ 15. Kh1 cxb3 16. axb3 h6 17. Bf6 Qe3 18. Rf3 Qxe4 19. Ra4 Qe8 
20. Ng3 h5 21. Qd2 Bg4 22. Re3 Bh6 23. Rae4 Qb5 24. h3 Bd7 25. c4 Qxb3 26.
 Nxh5 Qb1+ 27. Re1 Bxd2 28. Rxb1 gxh5 29. Rh4 Kh7 30. Rf1 Kg6 31. Re4 Bf5 
32. Rh4 Bg5 33. Bxg5 Kxg5 34. Rff4 a5 35. g3 a4 36. Rxh5+ Kxh5 37. Rxf5+ 
Kg6 38. g4 a3 39. h4 a2 40. h5+ Kh6 0-1

[Event "Continuous Server Series, S40159"]
[Site "CCLA"]
[Date "2014.05.19"]
[Round "?"]
[White "Poindexter, Jeffrey"]
[Black "Ritzmann, Andrew M."]
[Result "1-0"]
[WhiteElo "1327"]
[BlackElo "1381"]

1. e4 c5 2. Nc3 d6 3. g3 Nf6 4. Bg2 Nc6 5. Nge2 g6 6. O-O Bg7 7. d3 O-O 8.
 f4 Rb8 9. Bd2 Bd7 10. Qc1 b5 11. a3 c4 12. f5 b4 13. axb4 Qb6+ 14. Be3 
Qxb4 15. Rb1 Ng4 16. Nd5 Qxb2 17. Rxb2 Bxb2 18. Qd2 a5 19. Nec3 Nce5 20. 
Nxe7+ Kg7 21. Bh6+ Nxh6 22. f6+ Kh8 23. Qxh6 Rg8 24. Nxg8 Rxg8 25. Nd5 Ng4
26. Qd2 Bd4+ 27. Kh1 cxd3 28. cxd3 a4 29. h3 Ne5 30. Ne7 1-0

[Event "Premier Quad, S40479"]
[Site "CCLA"]
[Date "2014.12.31"]
[Round "?"]
[White "Klimushyn, Charles"]
[Black "Richardson, Ryan M."]
[Result "0-1"]
[WhiteElo "1648"]
[BlackElo "1689"]

1. e4 c5 2. Nc3 d6 3. f4 g6 4. Nf3 Bg7 5. Bb5+ Bd7 6. Bc4 e6 7. O-O Ne7 8.
 d3 Nbc6 9. Be3 O-O 10. d4 cxd4 11. Nxd4 a6 12. a4 Rc8 13. Nxc6 Bxc6 14. 
Bd3 f5 15. Qe1 fxe4 16. Bc4 d5 17. Bb3 Kh8 18. Bc5 Re8 19. Rb1 Nf5 20. Nd1
b6 21. Bf2 b5 22. Nc3 e3 23. Bxe3 Nxe3 24. Rf3 d4 25. Rxe3 dxe3 26. Kh1 
Qd4 27. axb5 axb5 28. Ne2 Qe4 29. Qg1 Rcd8 30. Ng3 Qxf4 0-1

[Event "Continuous Server Series, S40049"]
[Site "CCLA"]
[Date "2014.02.07"]
[Round "?"]
[White "Gunning, Edward E."]
[Black "Anderson, Lawrence D."]
[Result "1-0"]
[WhiteElo "1350"]
[BlackElo "1365"]

1. e4 c5 2. Nc3 Nc6 3. d3 g6 4. Nf3 Bg7 5. Be3 d6 6. d4 cxd4 7. Nxd4 Nf6 
8. Bb5 Bd7 9. O-O O-O 10. Nd5 Nxe4 11. Qd3 Nc5 12. Qe2 e6 13. Bxc6 Bxc6 
14. Nb4 Qd7 15. c3 Be4 16. Qd2 a5 17. Nbc2 Nd3 18. f3 Nxb2 19. fxe4 Nc4 
20. Qf2 Rab8 21. Qh4 Nxe3 22. Nxe3 e5 23. Ne2 b5 24. Nd5 Qd8 25. Nf6+ Bxf6
26. Rxf6 Kg7 27. Raf1 Qd7 28. Ng3 Rbc8 29. Nf5+ Kh8 30. Rxd6 Qc7 31. Qf6+ 
1-0

[Event "Regular Quad, S40429"]
[Site "CCLA"]
[Date "2014.12.12"]
[Round "?"]
[White "Klimushyn, Charles"]
[Black "Acosta, Errol"]
[Result "1-0"]
[WhiteElo "1648"]
[BlackElo "1365"]

1. e4 c5 2. Nc3 Nc6 3. f4 d6 4. Nf3 e5 5. Bb5 Bd7 6. d3 Nf6 7. Bxc6 Bxc6 
8. fxe5 dxe5 9. Nxe5 Bd6 10. Nxc6 bxc6 11. Be3 O-O 12. h3 Bg3+ 13. Bf2 
Bxf2+ 14. Kxf2 Qd4+ 15. Ke1 Qe3+ 16. Qe2 Qg3+ 17. Kd2 Rae8 18. Raf1 Qg5+ 
19. Kd1 Rd8 20. Rf5 Qg6 21. Rxc5 Nh5 22. Rxh5 Rb8 23. Kc1 Qd6 24. a3 Qd4 
25. Rf5 Rb6 26. Qd2 Rfb8 27. b3 Ra6 28. a4 Qb4 29. Nb1 Qb6 30. Rhf1 f6 31.
 Qf2 Qb4 32. h4 Qd6 33. e5 fxe5 34. Rf7 Qh6+ 35. Nd2 Qd6 36. Qg3 Qg6 37. 
Qxe5 Rab6 38. h5 Qxg2 39. Rf8+ Rxf8 40. Qe6+ 1-0

[Event "Regular Quad, S40329"]
[Site "CCLA"]
[Date "2014.09.26"]
[Round "?"]
[White "Sullivan, Terry"]
[Black "Acosta, Errol"]
[Result "0-1"]
[WhiteElo "1113"]
[BlackElo "1365"]

1. e4 c5 2. Nc3 d6 3. f4 Nc6 4. h3 Nf6 5. Nf3 g6 6. Bb5 Bg7 7. O-O O-O 8. 
d3 Nd4 9. Be3 Nxb5 10. Nxb5 h6 11. c3 a6 12. c4 axb5 13. b4 bxc4 14. d4 
Nxe4 15. a3 cxd4 16. Qa4 dxe3 17. Rad1 Rxa4 18. b5 e2 19. Rf2 exd1=Q+ 20. 
Kh2 Nxf2 21. f5 Qh1+ 22. Kg3 Ne4+ 23. Kf4 c3 24. b6 Bxf5 25. h4 Nf2+ 26. 
Kg3 Qxb6 27. Ne5 Qe3+ 28. Nf3 Rg4# 0-1

[Event "Winter Server Series, S40041"]
[Site "CCLA"]
[Date "2014.01.27"]
[Round "?"]
[White "Acosta, Errol"]
[Black "Anderson, Lawrence D."]
[Result "1-0"]
[WhiteElo "1365"]
[BlackElo "1365"]

1. e4 c5 2. f4 e6 3. Nf3 Nc6 4. Nc3 a6 5. Bc4 b5 6. Be2 Nge7 7. O-O g6 8. 
d4 Bg7 9. dxc5 O-O 10. e5 Bb7 11. Ne4 Qc7 12. Nd6 Rab8 13. c3 f5 14. b4 
Rbd8 15. a3 Nc8 16. Bb2 Bh6 17. g3 N8e7 18. Nd4 Nd5 19. Qd2 Nxd4 20. cxd4 
Qc6 21. Bf3 Qc7 22. Rae1 Bc6 23. h4 Ne7 24. h5 Bxf3 25. Rxf3 Kg7 26. hxg6 
Nxg6 27. Qh2 Qc6 28. Kg2 Qd5 29. Rh1 1-0

[Event "Premier Quad, S40479"]
[Site "CCLA"]
[Date "2014.12.31"]
[Round "?"]
[White "Klimushyn, Charles"]
[Black "Stroup, Jim"]
[Result "0-1"]
[WhiteElo "1648"]
[BlackElo "1768"]

1. e4 c5 2. Nc3 e6 3. f4 Nc6 4. Nf3 d5 5. Bb5 Ne7 6. exd5 exd5 7. Qe2 Bg4 
8. Bxc6+ bxc6 9. O-O g6 10. Qf2 Bxf3 11. Qxf3 Bg7 12. Re1 O-O 13. Qe3 Bd4 
0-1

[Event "Summer Server Series, S40081"]
[Site "CCLA"]
[Date "2014.07.28"]
[Round "?"]
[White "Acosta, Errol"]
[Black "Blankenship, Jerry T."]
[Result "0-1"]
[WhiteElo "1365"]
[BlackElo "1599"]

1. e4 c5 2. f4 Nc6 3. Nf3 g6 4. Nc3 Bg7 5. Bc4 e6 6. O-O Nge7 7. a3 O-O 8.
 e5 a6 9. d4 cxd4 10. Ne4 Nf5 11. Nd6 Nxd6 12. Bb3 Nf5 13. c3 d6 14. cxd4 
Qb6 15. Kh1 Nfxd4 16. Nxd4 Nxd4 17. exd6 Nxb3 18. d7 Bxd7 19. Rb1 Rfd8 0-1

[Event " NA Class A Server Championship, S40109"]
[Site "CCLA"]
[Date "2014.04.30"]
[Round "?"]
[White "Anderson, Clarence"]
[Black "Cacas, Alexander"]
[Result "0-1"]
[WhiteElo "1789"]
[BlackElo "1886"]

1. e4 c5 2. Nc3 Nc6 3. f4 g6 4. Nf3 Bg7 5. Bb5 Nd4 6. a4 e6 7. Nxd4 cxd4 
8. Ne2 Ne7 9. O-O O-O 10. c3 dxc3 11. dxc3 Qb6+ 12. Kh1 d5 13. e5 a6 14. 
Bd3 Bd7 15. Be3 Qxe3 0-1

[Event "Summer Server Series, S40051"]
[Site "CCLA"]
[Date "2014.07.28"]
[Round "?"]
[White "Shannon, Paul D."]
[Black "Quirk, Michael"]
[Result "1/2-1/2"]
[WhiteElo "1832"]
[BlackElo "2205"]

1. e4 c5 2. Nc3 Nc6 3. f4 g6 4. Nf3 Bg7 5. Bb5 Nd4 6. O-O Nxb5 7. Nxb5 d5 
8. e5 a6 9. Na3 Nh6 10. c3 O-O 11. d4 c4 12. Nc2 Nf5 13. Qe1 Qb6 14. Qf2 
f6 15. Ne3 Nxe3 16. Bxe3 Bf5 17. Rad1 a5 18. h3 a4 19. a3 Bd3 20. Rfe1 
Rae8 21. Rd2 Qe6 22. Kh2 Be4 23. Rg1 Rd8 24. exf6 exf6 25. Re2 Bd3 26. 
Ree1 Rde8 27. Bc1 Qd7 28. Rxe8 Rxe8 29. Re1 Re6 30. Rxe6 Qxe6 31. Qe3 Qxe3
32. Bxe3 Kf7 33. g4 Bf8 34. Kg2 Bd6 35. Kf2 Ke6 36. h4 b6 37. Bc1 Bc2 38. 
Ke2 Bf8 39. Be3 Be4 40. Kf2 Bd6 41. Bc1 Bb1 42. Be3 Bc2 1/2-1/2

[Event "Regular Quad, S40429"]
[Site "CCLA"]
[Date "2014.12.12"]
[Round "?"]
[White "Acosta, Errol"]
[Black "Klimushyn, Charles"]
[Result "0-1"]
[WhiteElo "1365"]
[BlackElo "1648"]

1. e4 c5 2. f4 g6 3. Nf3 Bg7 4. Nc3 Nc6 5. Bb5 Nd4 6. O-O Nxb5 7. Nxb5 a6 
8. Nc3 d6 9. d4 Nf6 10. Be3 Qc7 11. Bf2 O-O 12. dxc5 dxc5 13. e5 Rd8 14. 
Qe1 Nd5 15. Rd1 Nxf4 16. Rxd8+ Qxd8 17. Bxc5 Ne6 18. Bf2 b5 19. Ne4 Qc7 
20. Neg5 Nxg5 21. Nxg5 Qxc2 22. Bd4 Bf5 23. Qh4 h6 24. Nxf7 Qe4 25. Qf4 
Qxf4 26. Rxf4 Kxf7 27. g4 Ke6 28. gxf5+ gxf5 29. Rf1 Rd8 30. Bc3 Rd5 31. 
Re1 Bxe5 32. Bxe5 Rxe5 33. Rc1 Rd5 34. Rc6+ Rd6 35. Rc2 Kf6 36. Kf2 e5 37.
 h4 h5 38. Ke3 f4+ 39. Ke4 Rd4+ 40. Kf3 Kf5 41. Ke2 e4 42. Kf2 Kg4 0-1

[Event "Winter Server Series, S40011"]
[Site "CCLA"]
[Date "2014.01.27"]
[Round "?"]
[White "Bapple, Edward C."]
[Black "Quirk, Michael"]
[Result "0-1"]
[WhiteElo "1979"]
[BlackElo "2205"]

1. e4 c5 2. Nc3 Nc6 3. f4 g6 4. Nf3 Bg7 5. Bb5 Nd4 6. O-O Nxb5 7. Nxb5 d5 
8. exd5 a6 9. Nc3 Nf6 10. d4 Nxd5 11. dxc5 Nxc3 12. Qxd8+ Kxd8 13. bxc3 
Be6 14. Nd4 Bc4 15. Rd1 Kc7 16. Be3 Rhe8 17. a4 e5 18. fxe5 Bxe5 19. Bf2 
Rad8 20. Rab1 Bd5 21. Re1 Bf4 22. Bg3 Bxg3 23. hxg3 h5 24. Kf2 Bc6 25. a5 
Rd5 26. Rxe8 Bxe8 27. Re1 Kd8 28. Nb3 Bc6 29. Re4 Rg5 30. Rf4 Ke7 31. c4 
Re5 32. Rd4 Be4 33. Rd2 f6 34. Re2 Bc6 35. Rxe5+ fxe5 36. Nd2 Kd7 37. c3 
Kc7 38. Nf1 Ba4 39. Nd2 Kc6 40. Nf3 e4 41. Ne5+ Kxc5 42. Ke3 Bc6 43. Nxg6 
b6 44. Ne5 bxa5 45. Nxc6 Kxc6 46. Kxe4 a4 47. Kd3 Kc5 0-1

[Event "Winter Server Series, S40011"]
[Site "CCLA"]
[Date "2014.01.27"]
[Round "?"]
[White "Bapple, Edward C."]
[Black "Shnaiderman, Lazar"]
[Result "1/2-1/2"]
[WhiteElo "1979"]
[BlackElo "2026"]

1. e4 c5 2. Nc3 Nc6 3. f4 g6 4. Nf3 Bg7 5. Bb5 Nd4 6. O-O Nxb5 7. Nxb5 d6 
8. d3 Nf6 9. Nc3 O-O 10. Qe1 Bd7 11. Qh4 b5 12. f5 b4 13. Ne2 Nh5 14. Bg5 
Re8 15. fxg6 hxg6 16. Rab1 Qb6 17. c4 bxc3 18. bxc3 Qa6 19. Nf4 Nxf4 20. 
Bxf4 f6 21. Qg3 g5 22. Bxg5 fxg5 23. Nxg5 d5 24. exd5 Qg6 25. c4 Bd4+ 26. 
Kh1 Rf8 1/2-1/2

[Event "2014 Server Championship, S40029"]
[Site "CCLA"]
[Date "2014.01.27"]
[Round "?"]
[White "Cross, Gregory W."]
[Black "Galvin, John H."]
[Result "1/2-1/2"]
[WhiteElo "2172"]
[BlackElo "2191"]

1. e4 c5 2. Nc3 Nc6 3. g3 Rb8 4. Nf3 e5 5. d3 d6 6. Bg2 Nf6 7. O-O Be7 8. 
Nd5 O-O 9. c3 b5 10. d4 exd4 11. cxd4 Nxd5 12. exd5 Nxd4 13. Nxd4 cxd4 14.
 Qxd4 a5 15. Bf4 Bf6 16. Qd2 Re8 17. Rfc1 Bb7 18. a3 h6 19. h4 Ba8 20. Re1
Rxe1+ 21. Rxe1 b4 22. Be4 Qb6 23. axb4 axb4 24. Bg2 b3 25. Be3 Qb4 26. 
Qxb4 Rxb4 27. Bf4 Kh7 28. Bxd6 Rb5 29. Be5 Bxd5 30. Bxf6 gxf6 31. Bxd5 
Rxd5 32. Re3 Rb5 33. Kf1 Kg6 34. Rc3 f5 35. Rc4 Ra5 36. Rb4 f4 37. Rxb3 
fxg3 38. fxg3 Ra1+ 39. Kg2 Kh5 40. Kf3 Rf1+ 41. Ke2 Rg1 42. Kf2 Rd1 43. 
Rb8 Kg4 44. Rb7 1/2-1/2

[Event "Regular Quad, S40249"]
[Site "CCLA"]
[Date "2014.08.08"]
[Round "?"]
[White "Perry, William E."]
[Black "Eife, Gunter"]
[Result "0-1"]
[WhiteElo "1440"]
[BlackElo "1448"]

1. e4 c5 2. Nc3 Nc6 3. g3 d6 4. Bg2 Nf6 5. d3 e6 6. f4 Be7 7. Nf3 O-O 8. 
O-O a6 9. h3 Qc7 10. g4 b5 11. g5 Nd7 12. d4 cxd4 13. Nxd4 Bb7 14. f5 Qb6 
15. fxe6 fxe6 16. Be3 Bxg5 17. Bf2 Rxf2 18. Rxf2 Nxd4 19. Kh1 Nb3 20. Rf3 
Nxa1 21. Qxa1 Rf8 0-1

[Event "Winter Server Series, S40011"]
[Site "CCLA"]
[Date "2014.01.27"]
[Round "?"]
[White "Cross, Gregory W."]
[Black "Bapple, Edward C."]
[Result "1-0"]
[WhiteElo "2172"]
[BlackElo "1979"]

1. e4 c5 2. Nc3 g6 3. g3 Bg7 4. Bg2 Nc6 5. d3 d6 6. Be3 Nf6 7. h3 O-O 8. 
Nge2 Bd7 9. O-O a6 10. Qd2 Qc8 11. Na4 Qc7 12. Nac3 Rab8 13. g4 b5 14. a3 
a5 15. a4 bxa4 16. Rfb1 e6 17. Nxa4 h5 18. g5 Nh7 19. c3 f6 20. d4 c4 21. 
Rd1 Ne7 22. gxf6 Nxf6 23. Bf4 e5 24. Be3 Rfd8 25. dxe5 dxe5 26. Qd6 Qxd6 
27. Rxd6 Ne8 28. Rd2 Bb5 29. Rxd8 Rxd8 30. Nb6 Nd6 31. Rxa5 Bc6 32. Bg5 
Kf8 33. Ra7 Re8 34. Ng3 Nec8 35. Rc7 Bb5 36. Nxc8 Nxc8 37. f4 exf4 38. 
Bxf4 Bf6 39. e5 Bd8 40. Bh6+ Kg8 41. Rg7+ Kh8 42. Rxg6 Rxe5 43. Bf4 Rc5 
44. Be3 1-0

[Event "Winter Server Series, S40011"]
[Site "CCLA"]
[Date "2014.01.27"]
[Round "?"]
[White "Cross, Gregory W."]
[Black "Shnaiderman, Lazar"]
[Result "1-0"]
[WhiteElo "2172"]
[BlackElo "2026"]

1. e4 c5 2. Nc3 g6 3. g3 Bg7 4. Bg2 Nc6 5. d3 d6 6. Be3 e6 7. Qd2 Rb8 8. 
Nf3 e5 9. O-O Nge7 10. Ne2 h6 11. c3 Be6 12. d4 exd4 13. cxd4 d5 14. dxc5 
dxe4 15. Nfd4 Bc4 16. Rfd1 Bd3 17. Nxc6 bxc6 18. Nc3 f5 19. Bf4 Rc8 20. 
Bd6 Qd7 21. f3 Bd4+ 22. Kh1 Bxc3 23. bxc3 Kf7 24. Re1 Qe6 25. Rad1 Rce8 
26. Qf2 Bb5 27. fxe4 Qf6 28. Qc2 1-0

[Event "2nd TCCL Friendly Server Tournament, 2ndTCCL"]
[Site "CCLA"]
[Date "2014.06.15"]
[Round "?"]
[White "Shaffer, Aaron"]
[Black "Sherry, Katie P."]
[Result "0-1"]
[WhiteElo "1383"]
[BlackElo "1301"]

1. e4 c5 2. Nf3 b6 3. Bc4 Nf6 4. d3 Ba6 5. Bxa6 Nxa6 6. Bg5 d5 7. exd5 
Nxd5 8. O-O f6 9. Bh4 g5 10. Bg3 f5 11. Be5 Rg8 12. Nc3 Ndb4 13. a3 Nc6 
14. Bg3 f4 15. Bxf4 gxf4 16. b4 Bg7 17. Qd2 h5 18. Qxf4 Bxc3 19. Rab1 cxb4
20. axb4 Ncxb4 21. Qf5 Nxc2 22. Qxh5+ Kd7 23. Qd5+ Kc7 24. Qxd8+ Kxd8 0-1

[Event "Regular Quad, S40429"]
[Site "CCLA"]
[Date "2014.12.12"]
[Round "?"]
[White "Williams, Rufus H."]
[Black "Klimushyn, Charles"]
[Result "0-1"]
[WhiteElo "1222"]
[BlackElo "1648"]

1. e4 c5 2. Nf3 g6 3. Bc4 Bg7 4. Bxf7+ Kxf7 5. Ng5+ Ke8 6. Nc3 Bf6 7. d3 
h6 8. Nf3 Nc6 9. O-O d6 10. Nd5 e6 11. Nxf6+ Nxf6 12. Re1 e5 13. a3 Qc7 
14. h3 Be6 15. b3 b6 16. Bb2 Qd7 17. Qd2 Nd4 18. b4 Nxf3+ 19. gxf3 Bxh3 
20. Kh2 Nh5 21. Rg1 g5 22. Rg3 Nf4 23. Rag1 Ke7 24. bxc5 bxc5 25. c4 Rag8 
26. Qd1 Qe8 27. Rxh3 Nxh3 28. Kxh3 Qh5+ 29. Kg2 g4 30. fxg4 Rxg4+ 31. Kf1 
Rxg1+ 0-1

[Event "Winter Server Series, S40041"]
[Site "CCLA"]
[Date "2014.01.27"]
[Round "?"]
[White "Cain, Larry F."]
[Black "Anderson, Lawrence D."]
[Result "1-0"]
[WhiteElo "1267"]
[BlackElo "1365"]

1. e4 c5 2. c3 g6 3. Nf3 Bg7 4. d4 cxd4 5. cxd4 d5 6. e5 Bg4 7. Be2 Nc6 8.
 O-O e6 9. Bg5 f6 10. Bh4 Kd7 11. Nc3 Kc7 12. Nb5+ Kb8 13. Rc1 a6 14. Nd6 
g5 15. Qb3 Ra7 16. Rxc6 Ne7 17. Rxa6 Qd7 18. Bg3 Nc8 19. Rc1 Rd8 20. Bb5 
Qe7 21. Bc6 Nxd6 22. exd6 Qf7 23. d7+ e5 24. Qb6 Rxd7 25. Qxa7+ Kc8 26. 
Qa8+ 1-0

[Event "2014 Server Championship, S40029"]
[Site "CCLA"]
[Date "2014.01.27"]
[Round "?"]
[White "Weiner, Jerry"]
[Black "Shnaiderman, Lazar"]
[Result "1-0"]
[WhiteElo "2302"]
[BlackElo "2026"]

1. e4 c5 2. Nf3 g6 3. c3 Bg7 4. d4 cxd4 5. cxd4 d5 6. e5 Bg4 7. Qb3 Qd7 8.
 Bf4 Nc6 9. Nbd2 e6 10. h3 Bf5 11. Rc1 Nge7 12. g4 Be4 13. Qe3 Bxf3 14. 
Nxf3 h5 15. Rg1 hxg4 16. hxg4 O-O-O 17. Ng5 Rdf8 18. Qa3 Kd8 19. b4 Nxd4 
20. Qxa7 Ndc6 21. Qb6+ 1-0

[Event "2014 Server Championship, S40029"]
[Site "CCLA"]
[Date "2014.01.27"]
[Round "?"]
[White "Edwards, K. E. D. G."]
[Black "Shnaiderman, Lazar"]
[Result "1-0"]
[WhiteElo "2319"]
[BlackElo "2026"]

1. e4 c5 2. Nf3 g6 3. d4 cxd4 4. Qxd4 Nf6 5. Nc3 Nc6 6. Qa4 Bg7 7. e5 Ng8 
8. Bf4 d5 9. exd6 Bxc3+ 10. bxc3 exd6 11. O-O-O Ne7 12. Bxd6 Qa5 13. Qxa5 
Nxa5 14. Bb5+ Nac6 15. Rhe1 Be6 16. Bc5 h6 17. Ba4 O-O 18. Nd4 Rfd8 19. 
Rd3 Nf5 20. Nxe6 Re8 21. Rd7 Rab8 22. Bb3 Ng7 23. Nxg7 Rxe1+ 24. Kd2 Rb1 
25. Ne8 Rxb3 26. cxb3 Rxe8 27. Rxb7 Re5 28. b4 1-0

[Event "2014 Server Championship, S40029"]
[Site "CCLA"]
[Date "2014.01.27"]
[Round "?"]
[White "Weiner, Jerry"]
[Black "Owens, Johnny"]
[Result "1-0"]
[WhiteElo "2302"]
[BlackElo "2150"]

1. e4 g6 2. d4 Bg7 3. Nf3 c5 4. dxc5 Qa5+ 5. c3 Qxc5 6. Be3 Qc7 7. Nd4 Nc6
8. f4 a6 9. Nd2 Nf6 10. Be2 O-O 11. O-O d6 12. Nc2 Re8 13. a4 e5 14. f5 
gxf5 15. exf5 d5 16. Kh1 Ne7 17. g4 d4 18. cxd4 Ned5 19. g5 Nxe3 20. Nxe3 
exd4 21. Ng2 Nd7 22. Rc1 Qd8 23. Bc4 Qxg5 24. Bxf7+ Kxf7 25. Qb3+ Kf8 26. 
Nf4 Qe7 27. Ne6+ Kg8 28. Ng5+ Kh8 29. Rce1 Ne5 30. Nf7+ Nxf7 31. Rxe7 Rxe7
32. f6 Bxf6 33. Rxf6 Kg7 34. Ne4 Bd7 35. Qg3+ Kh8 36. Qf2 Kg7 37. Qg1+ Kh8
38. Qxd4 Ne5 39. Qd6 Rae8 40. Rf8+ Rxf8 41. Qxe7 Re8 42. Qf6+ Kg8 43. Ng5 
a5 44. Kg1 h5 45. h4 Bc8 46. Qh6 Bf5 47. Qb6 Bg6 48. Qxb7 Ng4 49. b4 Rd8 
50. bxa5 Rd1+ 51. Kg2 Rd2+ 52. Kf3 Rd3+ 53. Ke2 Re3+ 54. Kf1 1-0

[Event "Herbert W. Gustafson Memorial Open, S47079"]
[Site "CCLA"]
[Date "2014.10.27"]
[Round "?"]
[White "Smail, John"]
[Black "Anderson, Clarence"]
[Result "1/2-1/2"]
[WhiteElo "1836"]
[BlackElo "1798"]

1. e4 c5 2. Nf3 a6 3. d3 Nc6 4. g3 g6 5. Bg2 Bg7 6. c3 Nf6 7. Be3 d6 8. h3
O-O 9. Nbd2 e5 10. O-O Rb8 11. Nh2 Be6 12. Ng4 Nxg4 13. hxg4 Qd7 14. g5 b5
15. f4 exf4 16. gxf4 b4 17. Qc2 Bh3 18. Rf2 Bxg2 19. Rxg2 f5 20. a3 a5 21.
 Kf2 fxe4 22. dxe4 bxc3 23. bxc3 Ne5 24. Rag1 c4 25. Ke2 Nd3 26. Nxc4 
Nxf4+ 27. Bxf4 Rxf4 28. Qd3 Rxe4+ 29. Kd2 d5 30. Ne3 Rb3 31. Qxd5+ Qxd5+ 
32. Nxd5 Rxa3 33. Rg4 Rxg4 34. Rxg4 a4 35. Rc4 Ra2+ 36. Kd3 Rh2 37. Rxa4 
Rh3+ 38. Ke4 Rh4+ 39. Nf4 Bxc3 40. Kf3 Bd2 41. Ra8+ Kf7 42. Ra7+ Ke8 43. 
Ne6 Rh1 44. Ng7+ Kd8 45. Ne6+ Kc8 46. Rc7+ Kb8 47. Rd7 Bb4 48. Rd5 Ba3 49.
 Kg2 Re1 50. Nd4 Rc1 51. Nf3 Rc5 52. Rxc5 Bxc5 53. Kh3 Be7 1/2-1/2

[Event "Herbert W. Gustafson Memorial Open, S47079"]
[Site "CCLA"]
[Date "2014.10.27"]
[Round "?"]
[White "Fausey, Verna M."]
[Black "Anderson, Clarence"]
[Result "0-1"]
[WhiteElo "1747"]
[BlackElo "1798"]

1. e4 c5 2. Nf3 a6 3. d4 cxd4 4. Nxd4 e5 5. Nb3 Nf6 6. Bg5 Be7 7. Nc3 O-O 
8. Bxf6 Bxf6 9. Bc4 b5 10. Bd5 Nc6 11. O-O Rb8 12. a3 Qb6 13. Re1 Kh8 14. 
Kf1 g6 15. Qd3 Bg7 16. Na2 a5 17. Qe3 Qxe3 18. Rxe3 a4 19. Nd2 Ne7 20. Nb4
Nxd5 21. Nxd5 f5 22. Rd3 fxe4 23. Nxe4 Bb7 24. Re1 Rfd8 25. Ng5 Kg8 26. 
Red1 e4 27. Ne7+ Kf8 28. Rxd7 Ke8 29. Rxd8+ Rxd8 30. Rxd8+ Kxd8 31. Nxg6 
Bxb2 32. Nxh7 b4 33. axb4 a3 34. Ng5 a2 0-1

[Event "Continuous Server Series, S40199"]
[Site "CCLA"]
[Date "2014.06.09"]
[Round "?"]
[White "Duncovich, Mark"]
[Black "McLaughlin, Ed"]
[Result "1-0"]
[WhiteElo "1501"]
[BlackElo "1561"]

1. e4 c5 2. Nf3 a6 3. d4 cxd4 4. Nxd4 Nf6 5. Nc3 e5 6. Nb3 Bb4 7. Bd2 d6 
8. Bd3 b5 9. Qe2 O-O 10. f3 Be6 11. O-O Nbd7 12. Kh1 Nc5 13. a3 Nxb3 14. 
cxb3 Bxc3 15. bxc3 Bxb3 16. Bg5 Rc8 17. Rfc1 Bc4 18. Bxc4 Rxc4 19. a4 Qc7 
20. Ra3 b4 21. Rb3 Nd7 22. Rxb4 Rxc3 23. Rcb1 Rc8 24. h3 Nc5 25. Kh2 Qa5 
26. Rb8 Nxa4 27. Rxc8+ Rxc8 28. Ra1 Qb5 29. Qa2 Rc4 30. Bd2 Nc5 31. Rb1 
1-0